| 000 | 01336nam a2200241 a 4500 | ||
|---|---|---|---|
| 001 | 000274357 | ||
| 003 | AM-YEHGA | ||
| 005 | 20250618075406.0 | ||
| 008 | 031021s1961 ai ||||gr|||||||||0|rusxd | ||
| 040 | _aAM-YeHGA | ||
| 041 | 0 | _arus | |
| 100 | 1 |
_aՀովհաննիսյան, Լևոն Անդրեասի, _d1885-1970 _91979 |
|
| 245 | 1 | 0 |
_aО взаимоотношениях между психической и соматической сферами в клинике внутренних болезней = _bՀոգեկան և սոմատիկ ոլորտների փոխհարաբերության մասին ներքին հիվանդությունների կլինիկայում / _cЛ.А. Оганесян; АН АрмССР, Ин-т кардиологии. |
| 246 | 3 | 1 | _aՀոգեկան և սոմատիկ ոլորտների փոխհարաբերության մասին ներքին հիվանդությունների կլինիկայում |
| 260 |
_aЕреван : _bИзд-во АН АрмССР, _c1961. |
||
| 300 |
_a464 с. : _bил. ; _c23 см. |
||
| 504 | _aБиблиогр.: с. 413-445 | ||
| 650 | 1 | 4 | _aМедицина |
| 650 | 1 | 4 | _aНервно-психическая деятельность |
| 710 | 2 | _aИнститут кардиологии АН Армянской ССР | |
| 942 |
_2udc _cBK |
||
| 090 | _c462723 | ||
| 999 |
_c459652 _d459652 |
||